[Event "FBL S"]
[Site "Deutschland"]
[Date "2009.12.05"]
[Round "3.4"]
[White "Spiel, Marianne"]
[Black "Froehlich Dill, Astrid"]
[Result "1-0"]
[WhiteElo "2035"]
[BlackElo "1922"]
[PlyCount "111"]
[EventDate "2009.11.07"]
[EventType "team"]
[EventCountry "GER"]
[WhiteTeam "FC Bayern München"]
[BlackTeam "SV 1920 Hofheim"]

1. e4 e6 2. d4 b6 3. Be3 Bb7 4. Nd2 d5 5. e5 c5 6. c3 Nc6 7. Bd3 Nge7 8. Ne2
Ng6 9. O-O Be7 10. f4 O-O 11. Ng3 cxd4 12. cxd4 Nb4 13. Bb1 Ba6 14. f5 exf5 15.
Rxf5 Bd3 16. Bxd3 Nxd3 17. Qb3 Nb4 18. a3 Nc6 19. Rf2 Na5 20. Qd3 Rc8 21. b3
Qc7 22. Nb1 Bh4 23. Bd2 Qc2 24. Qxc2 Rxc2 25. Bxa5 Rxf2 26. Kxf2 bxa5 27. Nc3
Ne7 28. Rc1 Rb8 29. Nce2 g6 30. Rc5 Rxb3 31. Rxa5 Rb7 32. Kf3 Rd7 33. Rc5 h5
34. Nf1 Rb7 35. Ne3 Rb3 36. Rc3 Rb5 37. Rc7 Ra5 38. Nc2 Kf8 39. Nc3 Ke8 40. a4
Nf5 41. Ke2 Bd8 42. Rb7 Bb6 43. Kd3 Nh4 44. Ne3 Nf5 45. Nxf5 gxf5 46. Rb8+ Bd8
47. Rb5 Ra6 48. Ke3 Rc6 49. Nxd5 Rc4 50. Rb4 Rc6 51. Kd3 Rg6 52. Nf4 Rh6 53. d5
h4 54. h3 Bg5 55. Rb8+ Bd8 56. e6 1-0

[Event "FBL S"]
[Site "Deutschland"]
[Date "2009.12.05"]
[Round "3.5"]
[White "Storkebaum, Ulrike"]
[Black "Lenk, Sandra"]
[Result "1-0"]
[WhiteElo "1898"]
[BlackElo "1900"]
[PlyCount "69"]
[EventDate "2009.11.07"]
[EventType "team"]
[EventCountry "GER"]
[WhiteTeam "SV 1920 Hofheim"]
[BlackTeam "FC Bayern München"]

1. e4 c5 2. Nf3 Nc6 3. d4 cxd4 4. Nxd4 g6 5. Be3 Bg7 6. Nc3 Nf6 7. Bc4 O-O 8.
f3 e6 9. Bb3 d5 10. Nxc6 bxc6 11. e5 Nd7 12. f4 Ba6 13. Qd2 c5 14. Nxd5 c4 15.
Nb4 cxb3 16. Nxa6 bxc2 17. O-O Qc8 18. Qa5 Qb7 19. b3 Rfc8 20. Rac1 Bf8 21. Rf2
Rc6 22. Rfxc2 Rxa6 23. Qd2 Qd5 24. Qe2 Nb6 25. Qxa6 Qe4 26. Bxb6 axb6 27. Qxb6
Qxf4 28. Rf1 Qb4 29. Qxb4 Bxb4 30. a4 Ra5 31. Rc8+ Kg7 32. Rc7 Rxe5 33. Rcxf7+
Kh6 34. g4 Re4 35. Kg2 $138 1-0

[Event "FBL S"]
[Site "Deutschland"]
[Date "2009.12.05"]
[Round "3.2"]
[White "Endress, Anna"]
[Black "Misanovic, Vesna"]
[Result "1/2-1/2"]
[WhiteElo "2090"]
[BlackElo "2317"]
[PlyCount "83"]
[EventDate "2009.11.07"]
[EventType "team"]
[EventCountry "GER"]
[WhiteTeam "TSV Schott Mainz"]
[BlackTeam "SF Deizisau"]

1. e4 d5 2. exd5 Nf6 3. Bb5+ Bd7 4. Bc4 Bg4 5. f3 Bc8 6. Nc3 Nbd7 7. d4 Nb6 8.
Bb3 a5 9. Na4 Nbxd5 10. c4 Nb4 11. a3 Na6 12. Bg5 e6 13. Qe2 Be7 14. O-O-O O-O
15. Nh3 Bd7 16. Nc3 c6 17. Bxf6 Bxf6 18. Ne4 Be7 19. Bc2 f5 20. Nef2 Bf6 21.
Nf4 Qb6 22. Qe3 c5 23. Ne2 Rad8 24. Qb3 Qxb3 25. Bxb3 cxd4 26. Nxd4 Nc5 27. Bc2
Bg5+ 28. Kb1 Be3 29. Nh3 e5 30. Nb3 Be6 31. Nxa5 Ra8 32. b4 b6 33. Nc6 Na4 34.
Rd6 Bxc4 35. Ne7+ Kh8 36. Nxf5 Rxf5 37. Bxf5 Nc3+ 38. Kb2 Nb5 39. Rc6 Bd4+ 40.
Kc1 Be3+ 41. Kb2 Bd4+ 42. Kc1 1/2-1/2

[Event "FBL S"]
[Site "Deutschland"]
[Date "2009.12.05"]
[Round "3.3"]
[White "Meier, Annemarie Sylvia"]
[Black "Frey, Alisa"]
[Result "1/2-1/2"]
[WhiteElo "2259"]
[BlackElo "2038"]
[PlyCount "89"]
[EventDate "2009.11.07"]
[EventType "team"]
[EventCountry "GER"]
[WhiteTeam "SF Deizisau"]
[BlackTeam "TSV Schott Mainz"]

1. d4 Nf6 2. c4 g6 3. Nc3 d5 4. e3 Bg7 5. Qb3 dxc4 6. Bxc4 O-O 7. Nf3 a6 8. Ne5
e6 9. Be2 Nbd7 10. Nd3 Rb8 11. O-O b5 12. Bf3 Bb7 13. Bxb7 Rxb7 14. Bd2 b4 15.
Na4 Ne4 16. Be1 Qg5 17. Rc1 Rfb8 18. Nac5 Nexc5 19. Nxc5 Nxc5 20. Rxc5 Qe7 21.
f4 Rb5 22. Rc6 R8b6 23. Rc4 c5 24. dxc5 Rxc5 25. Bh4 Qf8 26. Rfc1 Rbc6 27. Qxb4
Rxc4 28. Rxc4 Qxb4 29. Rxb4 Rc1+ 30. Kf2 Rc2+ 31. Kf3 Rxb2 32. Rxb2 Bxb2 33.
Be7 f5 34. Ke2 Kf7 35. Bc5 e5 36. Kd3 Ke6 37. Kc4 Bc1 38. g3 Bd2 39. Kd3 Kd5
40. Ba7 Bc1 41. fxe5 Kxe5 42. Bc5 Kd5 43. Bf8 Bb2 44. Be7 Be5 45. Bf8 1/2-1/2

[Event "FBL S"]
[Site "Deutschland"]
[Date "2009.12.05"]
[Round "3.4"]
[White "Remy, Janina"]
[Black "Bader, Katharina"]
[Result "1/2-1/2"]
[WhiteElo "1989"]
[BlackElo "2128"]
[PlyCount "84"]
[EventDate "2009.11.07"]
[EventType "team"]
[EventCountry "GER"]
[WhiteTeam "TSV Schott Mainz"]
[BlackTeam "SF Deizisau"]

1. e4 c5 2. Nc3 Nc6 3. Bb5 e6 4. Bxc6 bxc6 5. d3 g6 6. e5 Bg7 7. Nf3 f6 8. exf6
Nxf6 9. O-O Qc7 10. Be3 d6 11. Qd2 O-O 12. Rad1 Rb8 13. b3 e5 14. Ne4 Bg4 15.
h3 Bxf3 16. gxf3 Nh5 17. Qe2 Nf4 18. Bxf4 Rxf4 19. Kg2 Rbf8 20. Nd2 Qd7 21. Rh1
R8f5 22. Rdg1 Rh5 23. Rh2 Rfh4 24. Rgh1 d5 25. Nf1 Rg5+ 26. Ng3 Qd6 27. Rg1 Qe6
28. Qe3 Qe7 29. Re1 Bf6 30. Kh1 Qd6 31. Qd2 Bd8 32. Kg2 Qf8 33. Re2 h6 34. Qe1
Bc7 35. Qc3 Qd6 36. Qe1 Kh7 37. Rh1 Qd7 38. Qc3 Qd6 39. Qe1 Qf6 40. Re3 Bb6 41.
c4 Bc7 42. Qc1 Bb6 1/2-1/2

[Event "FBL S"]
[Site "Deutschland"]
[Date "2009.12.05"]
[Round "3.5"]
[White "Schaefer, Daniela"]
[Black "Krasnopeyeva, Julia"]
[Result "0-1"]
[WhiteElo "1920"]
[BlackElo "1934"]
[PlyCount "50"]
[EventDate "2009.11.07"]
[EventType "team"]
[EventCountry "GER"]
[WhiteTeam "SF Deizisau"]
[BlackTeam "TSV Schott Mainz"]

1. e4 c5 2. Nf3 a6 3. d4 cxd4 4. Nxd4 Nf6 5. Nc3 e5 6. Nf3 Nc6 7. Bg5 Qa5 8.
Bxf6 gxf6 9. Qd5 Bb4 10. Qxa5 Bxa5 11. O-O-O Bxc3 12. bxc3 Ke7 13. Nh4 d6 14.
Be2 Be6 15. Rhe1 Rac8 16. Kb2 Na5 17. Nf5+ Bxf5 18. exf5 Rc5 19. Bf3 Rhc8 20.
Rd3 Nc4+ 21. Kc1 R8c7 22. Bd1 Ra5 23. Kb1 Rc6 24. Rd4 Rb6+ 25. Kc1 d5 0-1

[Event "FBL S"]
[Site "Deutschland"]
[Date "2009.12.05"]
[Round "3.6"]
[White "Voss, Chantal"]
[Black "Gheng, Hannelore"]
[Result "1-0"]
[WhiteElo "1868"]
[BlackElo "1654"]
[PlyCount "51"]
[EventDate "2009.11.07"]
[EventType "team"]
[EventCountry "GER"]
[WhiteTeam "TSV Schott Mainz"]
[BlackTeam "SF Deizisau"]

1. d4 Nf6 2. c4 d6 3. Nc3 g6 4. e4 Nc6 5. d5 Ne5 6. f4 Ned7 7. Nf3 Bg7 8. Be2
c6 9. e5 dxe5 10. fxe5 Ng4 11. e6 Nde5 12. Ng5 f5 13. h3 Nh6 14. Be3 O-O 15.
Qd2 cxd5 16. cxd5 b6 17. Bf4 Bb7 18. Nf3 Nxf3+ 19. Bxf3 g5 20. Bxg5 f4 21. Bxf4
Nf5 22. O-O Nh4 23. Be4 Ba6 24. Rfe1 Rc8 25. d6 exd6 26. e7 1-0

[Event "FBL S"]
[Site "Deutschland"]
[Date "2009.12.05"]
[Round "3.1"]
[White "Auburger, Kirstin"]
[Black "Dietzen, Corinna"]
[Result "0-1"]
[WhiteElo "1885"]
[BlackElo "1980"]
[PlyCount "166"]
[EventDate "2009.11.07"]
[EventType "team"]
[EventCountry "GER"]
[WhiteTeam "TSG Mutterstadt"]
[BlackTeam "SF Wadgassen/Differten"]

1. d4 d6 2. Nf3 Nf6 3. c4 Bg4 4. Nc3 Nbd7 5. e4 e5 6. d5 Be7 7. Be3 O-O 8. Be2
c6 9. dxc6 bxc6 10. Qc2 Qc7 11. Rc1 Rfd8 12. O-O Rab8 13. Rfd1 Nf8 14. Na4 Ne6
15. b3 c5 16. Nc3 Qb7 17. Nd5 Nxd5 18. Rxd5 Bh5 19. Rcd1 Bg6 20. Bd2 Nd4 21.
Nxd4 cxd4 22. Bd3 a6 23. b4 Rdc8 24. Ra5 Bd8 25. Ra3 Ra8 26. f3 f6 27. Rb3 Be8
28. Rb2 Bf7 29. Rc1 Qa7 30. a4 Kh8 31. Qb1 Bb6 32. a5 Bd8 33. Qa1 h6 34. Ra2
Rc7 35. Rac2 Rac8 36. Kf1 Rc6 37. b5 axb5 38. cxb5 Rxc2 39. Rxc2 Rxc2 40. Bxc2
Bc4+ 41. Kf2 d3+ 42. Be3 Qxa5 43. Qxa5 Bxa5 44. Ba4 d2 45. b6 Ba6 46. Bb3 g5
47. Ba4 Kg7 48. Bd1 Kf8 49. Be2 Bb7 50. Bd1 Ke7 51. Kg3 Bc8 52. h4 Kd8 53. hxg5
hxg5 54. Ba4 Be6 55. Bd1 Kc8 56. Bc2 Kb7 57. Ba4 Bb4 58. Bd1 Bc8 59. Kf2 Be6
60. Kg3 Ba5 61. Ba4 Bxb6 62. Bxd2 Ka6 63. Bb4 Bc5 64. Bc3 Kb6 65. Be8 Ba3 66.
Kf2 Kc5 67. Bd2 Kd4 68. Be3+ Kc3 69. g3 Bc5 70. Ba4 Kd3 71. Bb5+ Bc4 72. Bxc4+
Kxc4 73. Ke2 Bxe3 74. Kxe3 g4 75. f4 d5 76. exd5 Kxd5 77. f5 e4 78. Kf4 Kd4 79.
Kxg4 e3 80. Kh5 e2 81. g4 e1=Q 82. g5 fxg5 83. Kxg5 Ke5 0-1

[Event "FBL S"]
[Site "Deutschland"]
[Date "2009.12.05"]
[Round "3.2"]
[White "Mueller, Elke"]
[Black "Mueller, Claudia"]
[Result "1/2-1/2"]
[WhiteElo "1992"]
[BlackElo "2019"]
[PlyCount "51"]
[EventDate "2009.11.07"]
[EventType "team"]
[EventCountry "GER"]
[WhiteTeam "SF Wadgassen/Differten"]
[BlackTeam "TSG Mutterstadt"]

1. e4 e5 2. Nf3 Nc6 3. Bb5 a6 4. Ba4 Nf6 5. d3 b5 6. Bb3 Be7 7. Bd5 Nxd5 8.
exd5 Nb4 9. Nc3 Bb7 10. Nxe5 Bf6 11. d4 Nxd5 12. Nxd5 Bxd5 13. O-O O-O 14. Re1
Re8 15. c3 Re6 16. Ng4 Bg5 17. Rxe6 fxe6 18. Bxg5 Qxg5 19. Ne3 Bb7 20. Qg4 Qe7
21. Re1 Rf8 22. Qg3 c5 23. Rd1 Bc6 24. Qe5 d6 25. Qg3 Rf6 26. dxc5 1/2-1/2

[Event "FBL S"]
[Site "Deutschland"]
[Date "2009.12.05"]
[Round "3.3"]
[White "Vollstaedt Klein, Sabine"]
[Black "Henschel, Anke"]
[Result "0-1"]
[WhiteElo "1904"]
[BlackElo "1991"]
[PlyCount "94"]
[EventDate "2009.11.07"]
[EventType "team"]
[EventCountry "GER"]
[WhiteTeam "TSG Mutterstadt"]
[BlackTeam "SF Wadgassen/Differten"]

1. e4 d5 2. exd5 Qxd5 3. Nc3 Qa5 4. d4 c6 5. Nf3 Nf6 6. Bd2 Bg4 7. h3 Qh5 8.
Be2 e6 9. Rf1 Bxf3 10. Bxf3 Qg6 11. g4 Bb4 12. Ne2 Bxd2+ 13. Qxd2 Nbd7 14. Ng3
h6 15. O-O-O O-O-O 16. Kb1 Nb6 17. Qa5 Kb8 18. Rd3 Qg5 19. Qb4 Nfd5 20. Qc5 Nf4
21. Rb3 Qxc5 22. dxc5 Nc4 23. Ne4 Rd4 24. Rd1 Rhd8 25. Rxd4 Rxd4 26. Kc1 f5 27.
Ng3 Nd2 28. gxf5 Nxb3+ 29. axb3 exf5 30. Nxf5 Rd7 31. h4 Nh3 32. h5 Nxf2 33.
Be2 Ne4 34. b4 Rf7 35. Nh4 Ng3 36. Kd1 Rd7+ 37. Bd3 Nxh5 38. Nf5 Nf4 39. Kd2
Nxd3 40. cxd3 Rf7 41. Nd6 Rf8 42. b5 g5 43. bxc6 bxc6 44. b4 a6 45. Ne4 g4 46.
Ng3 Rf4 47. Nh5 Rxb4 0-1

[Event "FBL S"]
[Site "Deutschland"]
[Date "2009.12.05"]
[Round "3.2"]
[White "Lopatin, Olga"]
[Black "Mucha, Annegret"]
[Result "0-1"]
[WhiteElo "2136"]
[BlackElo "2012"]
[PlyCount "78"]
[EventDate "2009.11.07"]
[EventType "team"]
[EventCountry "GER"]
[WhiteTeam "Schachges. Augsburg 1873"]
[BlackTeam "TSV Zeulenroda"]

1. d4 Nf6 2. Nf3 b6 3. Nc3 Bb7 4. d5 c6 5. e4 Qc7 6. Bg5 e6 7. dxe6 dxe6 8. a3
Nbd7 9. Qd2 Be7 10. Bd3 O-O-O 11. Qe2 Nc5 12. Bc4 Ne8 13. Bxe7 Qxe7 14. b4 Nd7
15. e5 f6 16. O-O f5 17. Ba6 g5 18. Nd4 Nb8 19. Bxb7+ Kxb7 20. Rfd1 Nc7 21. b5
g4 22. bxc6+ Nxc6 23. Nxc6 Kxc6 24. a4 Qc5 25. Nb5 Nxb5 26. axb5+ Kb7 27. c4
Qc7 28. Rdc1 Rd4 29. Qa2 Kb8 30. c5 Rhd8 31. h3 gxh3 32. Qxe6 bxc5 33. Qxf5
hxg2 34. e6 R4d5 35. Qf3 Qe7 36. Qf4+ Kb7 37. Qf3 Qxe6 38. Rxc5 Kb8 39. Rc6 Qe5
$138 0-1

[Event "FBL S"]
[Site "Deutschland"]
[Date "2009.12.05"]
[Round "3.3"]
[White "Lange, Corinna"]
[Black "Horvath, Maria"]
[Result "1/2-1/2"]
[WhiteElo "2033"]
[BlackElo "2001"]
[PlyCount "59"]
[EventDate "2009.11.07"]
[EventType "team"]
[EventCountry "GER"]
[WhiteTeam "TSV Zeulenroda"]
[BlackTeam "Schachges. Augsburg 1873"]

1. e4 e6 2. Nf3 d5 3. e5 c5 4. b4 cxb4 5. d4 Bd7 6. a3 Qb6 7. axb4 Bxb4+ 8. c3
Be7 9. Bd3 Bb5 10. Na3 Bxd3 11. Qxd3 Bxa3 12. Bxa3 Qa6 13. Qxa6 Nxa6 14. Kd2
Nb8 15. Rhb1 b6 16. Bd6 Nd7 17. Bc7 Ne7 18. Bxb6 Nxb6 19. Rxb6 O-O 20. Rb7 Nc6
21. Ra6 Rac8 22. Ne1 f6 23. exf6 gxf6 24. Nd3 Rf7 25. Nc5 Rxb7 26. Nxb7 Rc7 27.
Nd6 Nb8 28. Ra4 Rc6 29. Nb7 Ra6 30. Rxa6 1/2-1/2

[Event "FBL S"]
[Site "Deutschland"]
[Date "2009.12.05"]
[Round "3.4"]
[White "Woniak, Katarzyna"]
[Black "Skibbe, Diana"]
[Result "0-1"]
[WhiteElo "2005"]
[BlackElo "2083"]
[PlyCount "154"]
[EventDate "2009.11.07"]
[EventType "team"]
[EventCountry "GER"]
[WhiteTeam "Schachges. Augsburg 1873"]
[BlackTeam "TSV Zeulenroda"]

1. Nf3 Nf6 2. g3 g6 3. Bg2 Bg7 4. O-O O-O 5. c4 c6 6. d4 d5 7. cxd5 Nxd5 8. Nc3
Nxc3 9. bxc3 c5 10. Rb1 Nc6 11. Be3 Qa5 12. Qb3 Bf5 13. Rbc1 c4 14. Qxc4 Be6
15. Qd3 Qxa2 16. Nd2 Bf5 17. Qb5 a6 18. Qxb7 Na5 19. Qd5 Qxd5 20. Bxd5 Rad8 21.
Bg2 Rc8 22. c4 Nc6 23. Nb3 Nb4 24. Bd2 Rb8 25. e4 Bg4 26. Bxb4 Rxb4 27. Na5 Rc8
28. d5 Bd7 29. c5 Bb5 30. Rfe1 Bd4 31. d6 Rb2 32. Red1 Bxc5 33. Rxc5 Rxc5 34.
dxe7 Kg7 35. Bf1 Ba4 36. Ra1 Be8 37. Nc4 Rb7 38. Nd6 Rxe7 39. Bxa6 Bd7 40. Kg2
Rc6 41. Nb5 Rxa6 42. Rxa6 Bxb5 43. Rb6 Bd3 44. f3 Ra7 45. h4 Ra2+ 46. Kh3 Bf1+
47. Kg4 Ra3 48. Rb2 Ba6 49. Kf4 h6 50. g4 g5+ 51. hxg5 hxg5+ 52. Kxg5 Rxf3 53.
e5 Bc8 54. Re2 Be6 55. Re4 Rh3 56. Re1 Rh2 57. Re3 Rg2 58. Re4 Rg1 59. Kh5 Kf8
60. Kg5 Ke7 61. Kh5 Kd7 62. Kg5 Kc6 63. Ra4 Kd5 64. Ra5+ Ke4 65. Ra4+ Kxe5 66.
Ra5+ Ke4 67. Ra4+ Kf3 68. Rf4+ Ke3 69. Ra4 Rxg4+ 70. Rxg4 Bxg4 71. Kxg4 Ke4 72.
Kg3 f5 73. Kf2 Kf4 74. Kf1 Ke3 75. Ke1 f4 76. Kf1 Kf3 77. Kg1 Ke2 0-1

[Event "FBL S"]
[Site "Deutschland"]
[Date "2009.12.05"]
[Round "3.5"]
[White "Espig, Gesine"]
[Black "Baumstark, Gertrude"]
[Result "1-0"]
[WhiteElo "2036"]
[BlackElo "2036"]
[PlyCount "33"]
[EventDate "2009.11.07"]
[EventType "team"]
[EventCountry "GER"]
[WhiteTeam "TSV Zeulenroda"]
[BlackTeam "Schachges. Augsburg 1873"]

1. d4 d5 2. c4 c6 3. e3 Nf6 4. Nc3 Nbd7 5. Nf3 e6 6. Bd3 Bd6 7. O-O e5 8. cxd5
cxd5 9. e4 dxe4 10. Nxe4 Nxe4 11. Bxe4 O-O 12. dxe5 Be7 13. Qc2 h6 14. Rd1 Qb6
15. Be3 Bc5 16. Rxd7 Bxe3 17. Rd6 1-0

[Event "FBL S"]
[Site "Deutschland"]
[Date "2009.12.06"]
[Round "4.1"]
[White "Ankerst, Milka"]
[Black "Fuchs, Antje"]
[Result "1-0"]
[WhiteElo "2134"]
[BlackElo "2141"]
[PlyCount "111"]
[EventDate "2009.11.07"]
[EventType "team"]
[EventCountry "GER"]
[WhiteTeam "FC Bayern München"]
[BlackTeam "TSV Zeulenroda"]

1. e4 c5 2. Nf3 d6 3. d4 cxd4 4. Nxd4 Nf6 5. Nc3 a6 6. Be3 e6 7. Qd2 b5 8. f3
Nbd7 9. g4 h6 10. h4 Qc7 11. Rg1 b4 12. Na4 Nc5 13. Qxb4 Nfd7 14. O-O-O Rb8 15.
Qc3 Qb7 16. Nxc5 Nxc5 17. Nb3 Na4 18. Qa5 Bd7 19. Qxa6 Qc7 20. Rd4 Nc5 21. Nxc5
dxc5 22. Rd2 Be7 23. g5 O-O 24. Qd3 Rb7 25. Qc3 h5 26. Bc4 Rfb8 27. b3 Bb5 28.
f4 Bxc4 29. Qxc4 Rb4 30. Qc3 c4 31. Bd4 Qa5 32. Bxg7 cxb3 33. cxb3 Qa7 34. Rgd1
Qa8 35. Bh6 f6 36. Rd7 Qxa2 37. gxf6 Qa3+ 38. Kd2 Qa2+ 39. Qc2 Qxc2+ 40. Kxc2
Bxf6 41. Rg1+ Kh8 42. e5 Rd8 43. Bg7+ Kh7 44. Bf8+ Rxd7 45. Bxb4 Bxh4 46. Rh1
Bd8 47. Rxh5+ Kg6 48. Rh8 Bb6 49. Bd2 Kf5 50. Rh6 Bd8 51. b4 Be7 52. Bc3 Kxf4
53. Rxe6 Ke4 54. Kb3 Rb7 55. Ra6 Bxb4 56. Ra4 1-0

[Event "FBL S"]
[Site "Deutschland"]
[Date "2009.12.06"]
[Round "4.2"]
[White "Mucha, Annegret"]
[Black "Dengler, Dijana"]
[Result "1/2-1/2"]
[WhiteElo "2012"]
[BlackElo "2146"]
[PlyCount "89"]
[EventDate "2009.11.07"]
[EventType "team"]
[EventCountry "GER"]
[WhiteTeam "TSV Zeulenroda"]
[BlackTeam "FC Bayern München"]

1. e4 e6 2. d4 d5 3. Nc3 Bb4 4. exd5 exd5 5. Bd3 Nf6 6. Nge2 O-O 7. a3 Bd6 8.
Bf4 Re8 9. Qd2 c6 10. O-O Ne4 11. Qc1 Bf5 12. Nxe4 dxe4 13. Bc4 Qf6 14. Bxd6
Qxd6 15. Qf4 Qxf4 16. Nxf4 Nd7 17. c3 Nf6 18. Rfe1 g5 19. Ne2 h5 20. Ng3 Bg6
21. Nf1 Kg7 22. Rad1 Nd5 23. Bxd5 cxd5 24. Ne3 Rad8 25. c4 dxc4 26. Nxc4 Bf5
27. Kf1 Be6 28. Ne3 Bb3 29. Rd2 Kg6 30. Nd1 f5 31. Re3 Bc4+ 32. Kg1 Bd3 33. f3
Rxd4 34. fxe4 fxe4 35. Nf2 Red8 36. Nxd3 Rxd3 37. Rexd3 Rxd3 38. Rxd3 exd3 39.
Kf2 Kf5 40. Ke3 Ke5 41. Kxd3 Kd5 42. b3 a5 43. Ke3 Ke5 44. Kd3 Kd5 45. Ke3
1/2-1/2

[Event "FBL S"]
[Site "Deutschland"]
[Date "2009.12.06"]
[Round "4.3"]
[White "Niedermaier, Barbara"]
[Black "Lange, Corinna"]
[Result "1/2-1/2"]
[WhiteElo "2003"]
[BlackElo "2033"]
[PlyCount "94"]
[EventDate "2009.11.07"]
[EventType "team"]
[EventCountry "GER"]
[WhiteTeam "FC Bayern München"]
[BlackTeam "TSV Zeulenroda"]

1. f4 Nf6 2. Nf3 g6 3. b3 Bg7 4. Bb2 O-O 5. e3 d6 6. Nc3 c5 7. Be2 a6 8. O-O b5
9. a3 Bb7 10. Qe1 Nbd7 11. Ng5 Rc8 12. Bf3 Bxf3 13. Nxf3 Qb6 14. Ne2 b4 15. f5
c4 16. Bd4 Qb7 17. axb4 cxb3 18. cxb3 Nd5 19. Bxg7 Kxg7 20. Qh4 Qxb4 21. Ned4
Qb7 22. Ng5 N5f6 23. Nde6+ fxe6 24. Nxe6+ Kf7 25. Nxf8 Nxf8 26. fxg6+ hxg6 27.
Qd4 Ne6 28. Qd3 Nc5 29. Qc4+ d5 30. Qh4 Kg7 31. b4 Nce4 32. d3 Nd6 33. Qg5 Rh8
34. Qe5 Rh5 35. Qe6 Nf5 36. Rxa6 Qxb4 37. d4 Qb8 38. Qe5 Qxe5 39. dxe5 Ng4 40.
h3 Ngxe3 41. g4 Rxh3 42. gxf5 Nxf1 43. Rxg6+ Kf7 44. e6+ Kf8 45. Kxf1 Rf3+ 46.
Ke2 Rxf5 47. Kd3 Rf6 1/2-1/2

[Event "FBL S"]
[Site "Deutschland"]
[Date "2009.12.06"]
[Round "4.4"]
[White "Skibbe, Diana"]
[Black "Spiel, Marianne"]
[Result "1-0"]
[WhiteElo "2083"]
[BlackElo "2035"]
[PlyCount "49"]
[EventDate "2009.11.07"]
[EventType "team"]
[EventCountry "GER"]
[WhiteTeam "TSV Zeulenroda"]
[BlackTeam "FC Bayern München"]

1. e4 e6 2. d4 d5 3. Nc3 Nf6 4. e5 Nfd7 5. f4 c5 6. Nf3 Nc6 7. Ne2 Be7 8. c3 f5
9. exf6 Bxf6 10. g3 O-O 11. Bg2 b6 12. O-O Ba6 13. Re1 Qe8 14. f5 exf5 15. Nf4
Qc8 16. Nxd5 cxd4 17. cxd4 Bb7 18. Bf4 Bd8 19. Rc1 b5 20. Bd6 Rf7 21. Re8+ Nf8
22. Ne5 Nxe5 23. Rxc8 Rxc8 24. dxe5 Bxd5 25. Rxd8 1-0

[Event "FBL S"]
[Site "Deutschland"]
[Date "2009.12.06"]
[Round "4.5"]
[White "Renner, Gabriele"]
[Black "Espig, Gesine"]
[Result "1-0"]
[WhiteElo "1988"]
[BlackElo "2036"]
[PlyCount "59"]
[EventDate "2009.11.07"]
[EventType "team"]
[EventCountry "GER"]
[WhiteTeam "FC Bayern München"]
[BlackTeam "TSV Zeulenroda"]

1. e4 g6 2. Nc3 Bg7 3. g3 d6 4. Bg2 e5 5. d3 c6 6. Be3 Ne7 7. Qd2 h5 8. Nge2
Nd7 9. d4 Nb6 10. b3 Qc7 11. Rd1 Bg4 12. h3 Bd7 13. a4 Rd8 14. O-O O-O 15. Bh6
Be6 16. Bxg7 Kxg7 17. Qe3 f6 18. Rd2 d5 19. a5 Nbc8 20. dxe5 fxe5 21. exd5 cxd5
22. Nb5 Qb8 23. f4 a6 24. Nbd4 exd4 25. Qxe6 Nf5 26. Nxd4 Nxg3 27. Qe1 h4 28.
Ne6+ Kh6 29. Qa1 Rg8 30. Qf6 1-0

[Event "FBL S"]
[Site "Deutschland"]
[Date "2009.12.06"]
[Round "4.2"]
[White "Misanovic, Vesna"]
[Black "Dietzen, Corinna"]
[Result "1-0"]
[WhiteElo "2317"]
[BlackElo "1980"]
[PlyCount "59"]
[EventDate "2009.11.07"]
[EventType "team"]
[EventCountry "GER"]
[WhiteTeam "SF Deizisau"]
[BlackTeam "SF Wadgassen/Differten"]

1. d4 d6 2. c4 Nf6 3. Nc3 Bf5 4. g3 c6 5. Bg2 Nbd7 6. e4 Bg6 7. Nge2 e5 8. h3
Be7 9. Be3 exd4 10. Bxd4 Nc5 11. Qc2 O-O 12. O-O Ne6 13. Be3 d5 14. cxd5 cxd5
15. Qb3 dxe4 16. Qxb7 Nc5 17. Qb5 Rb8 18. Qc4 Qa5 19. Nf4 Rfc8 20. Ncd5 Nxd5
21. Nxd5 Bf8 22. b4 Qa4 23. Qd4 Rd8 24. Rfd1 Nd3 25. Bxe4 Nxb4 26. a3 Bc5 27.
Qxc5 Bxe4 28. axb4 Rxd5 29. Qxd5 Qxa1 30. Qd6 1-0

[Event "FBL S"]
[Site "Deutschland"]
[Date "2009.12.06"]
[Round "4.3"]
[White "Mueller, Elke"]
[Black "Meier, Annemarie Sylvia"]
[Result "0-1"]
[WhiteElo "1992"]
[BlackElo "2259"]
[PlyCount "54"]
[EventDate "2009.11.07"]
[EventType "team"]
[EventCountry "GER"]
[WhiteTeam "SF Wadgassen/Differten"]
[BlackTeam "SF Deizisau"]

1. e4 c5 2. Nc3 a6 3. d3 e6 4. g3 b5 5. Bg2 Bb7 6. Nf3 Nf6 7. O-O d5 8. exd5
Nxd5 9. Nxd5 Bxd5 10. Bg5 f6 11. Bf4 Bd6 12. Bxd6 Qxd6 13. Re1 O-O 14. Qe2 Re8
15. Nh4 Nc6 16. Nf3 Rad8 17. a4 b4 18. Qd2 Re7 19. b3 h6 20. Qe3 Rde8 21. Rad1
e5 22. Nd2 Nd4 23. Bxd5+ Qxd5 24. Rc1 f5 25. f3 Re6 26. Kf2 g5 27. Nc4 e4 0-1

[Event "FBL S"]
[Site "Deutschland"]
[Date "2009.12.06"]
[Round "4.5"]
[White "Ley, Janine"]
[Black "Schaefer, Daniela"]
[Result "1/2-1/2"]
[WhiteElo "1681"]
[BlackElo "1920"]
[PlyCount "87"]
[EventDate "2009.11.07"]
[EventType "team"]
[EventCountry "GER"]
[WhiteTeam "SF Wadgassen/Differten"]
[BlackTeam "SF Deizisau"]

1. c4 d6 2. d4 g6 3. Nc3 Bg7 4. e4 e5 5. d5 f5 6. Bd3 Nf6 7. Nge2 O-O 8. O-O
Na6 9. exf5 gxf5 10. Ng3 e4 11. Be2 Qe7 12. Bf4 Nd7 13. Qd2 Ne5 14. Rad1 Nc5
15. Nh5 Rf7 16. Bg5 Qf8 17. Nxg7 Qxg7 18. Kh1 a5 19. b3 Ng6 20. Be3 Nd7 21. Bd4
Nf6 22. f3 Nh4 23. g3 Nxf3 24. Bxf3 exf3 25. Rxf3 Qg6 26. Re1 Bd7 27. Rfe3 Raf8
28. Qe2 Ng4 29. Re7 Qg5 30. Rxf7 Rxf7 31. h3 Nf6 32. Qe3 Qxe3 33. Rxe3 Nh5 34.
Ne2 f4 35. gxf4 Nxf4 36. Nxf4 Rxf4 37. Rg3+ Kf8 38. Bc3 a4 39. Kg2 axb3 40.
axb3 Rf7 41. h4 Bf5 42. Bd2 Be4+ 43. Kg1 Bc2 44. b4 1/2-1/2

[Event "FBL S"]
[Site "Deutschland"]
[Date "2009.12.06"]
[Round "4.2"]
[White "Heymann Lobzhanidze, Anna Luise"]
[Black "Lopatin, Olga"]
[Result "0-1"]
[WhiteElo "2085"]
[BlackElo "2136"]
[PlyCount "36"]
[EventDate "2009.11.07"]
[EventType "team"]
[EventCountry "GER"]
[WhiteTeam "SV 1920 Hofheim"]
[BlackTeam "Schachges. Augsburg 1873"]

1. e4 c5 2. Nf3 e6 3. d4 cxd4 4. Nxd4 a6 5. Nc3 Bb4 6. Be3 Nf6 7. f3 Qc7 8. Qd2
d5 9. Bd3 e5 10. exd5 exd4 11. Bxd4 Nxd5 12. Bxg7 Rg8 13. Qe2+ Be6 14. Be5 Nxc3
15. Bxc7 Nxe2+ 16. Kxe2 Rxg2+ 17. Kf1 Bh3 18. Bf5 Rxh2+ 0-1

[Event "FBL S"]
[Site "Deutschland"]
[Date "2009.12.06"]
[Round "4.3"]
[White "Horvath, Maria"]
[Black "Zahn, Nicol"]
[Result "1-0"]
[WhiteElo "2001"]
[BlackElo "1960"]
[PlyCount "71"]
[EventDate "2009.11.07"]
[EventType "team"]
[EventCountry "GER"]
[WhiteTeam "Schachges. Augsburg 1873"]
[BlackTeam "SV 1920 Hofheim"]

1. d4 f5 2. Nf3 Nf6 3. g3 g6 4. Bg2 Bg7 5. c4 d6 6. O-O O-O 7. Nc3 Nc6 8. d5
Ne5 9. Nxe5 dxe5 10. e4 Rb8 11. Qe2 fxe4 12. Nxe4 Nxe4 13. Bxe4 e6 14. Bd2 Qd6
15. Bc3 exd5 16. Bxd5+ Be6 17. Rad1 c6 18. Bxe6+ Qxe6 19. Rfe1 Rfe8 20. b3 Re7
21. Qe4 Rbe8 22. Rd2 Qf5 23. Rde2 Bf6 24. Qg2 Kf7 25. Re4 Qd7 26. Qf3 Qf5 27.
Qe2 Qd7 28. Qe3 b6 29. Qh6 Bg7 30. Qh4 Qd6 31. f4 exf4 32. Qxh7 Rxe4 33. Qxg7+
Ke6 34. Rxe4+ Kf5 35. Rxe8 fxg3 36. Qe5+ 1-0